CFD Analysis of a Helical Coil Based Energy Storage Integrated with Solar Water Heating System / (Record no. 602056)
[ view plain ]
| 000 -LEADER | |
|---|---|
| fixed length control field | 00498nam a2200157Ia 4500 |
| 008 - FIXED-LENGTH DATA ELEMENTS--GENERAL INFORMATION | |
| fixed length control field | 230907s9999||||xx |||||||||||||| ||und|| |
| 082 ## - DEWEY DECIMAL CLASSIFICATION NUMBER | |
| Classification number | 620 |
| Author Mark | SAQ |
| 100 ## - MAIN ENTRY--PERSONAL NAME | |
| Personal name | Saqib Ayuob (00000275171) |
| 9 (RLIN) | 116709 |
| 245 #0 - TITLE STATEMENT | |
| Title | CFD Analysis of a Helical Coil Based Energy Storage Integrated with Solar Water Heating System / |
| 260 ## - PUBLICATION, DISTRIBUTION, ETC. | |
| Place of publication, distribution, etc. | USPCAS-E, NUST, |
| Name of publisher, distributor, etc. | Islamabad : |
| Date of publication, distribution, etc. | 2022 |
| 300 ## - PHYSICAL DESCRIPTION | |
| Extent | xiv, 76 p. |
| 520 ## - SUMMARY, ETC. | |
| Summary, etc. | TH-378 |
| 650 ## - SUBJECT ADDED ENTRY--TOPICAL TERM | |
| Topical term or geographic name entry element | MS-TEE Thesis MS Thesis |
| 700 ## - ADDED ENTRY--PERSONAL NAME | |
| Personal name | Dr Mariam Mahmood |
| 942 ## - ADDED ENTRY ELEMENTS (KOHA) | |
| Koha item type | Thesis |
| Source of classification or shelving scheme | |
| Withdrawn status | Lost status | Source of classification or shelving scheme | Damaged status | Not for loan | Permanent Location | Current Location | Date acquired | Full call number | Barcode | Date last seen | Price effective from | Koha item type |
|---|---|---|---|---|---|---|---|---|---|---|---|---|
| US-Pakistan Center for Advanced Studies in Energy (USPCAS-E) | US-Pakistan Center for Advanced Studies in Energy (USPCAS-E) | 07/05/2022 | 620 SAQ | CAS-ETH0000378 | 09/12/2023 | 09/12/2023 | Thesis |
